New Zealand export and trade handbook 2014.
| Format: | Book |
|---|---|
| Published: |
Auckland:
Adrenalin Publishing,
2014.
|
| Subjects: |
| LEADER | 00527cam a2200145 7i4500 | ||
|---|---|---|---|
| 001 | 0000032022 | ||
| 005 | 20150810090000.0 | ||
| 020 | 0 | 0 | |a 9780958204514 |
| 090 | 0 | 0 | |a N.Z 382.0993005 |b NEW |
| 245 | 0 | 0 | |a New Zealand export and trade handbook 2014. |
| 260 | 0 | 0 | |a Auckland: |b Adrenalin Publishing, |c 2014. |
| 300 | # | # | |a 144 pages. |
| 650 | 0 | 0 | |a Exports -- |x Handbooks, manuals, etc -- |y 2014 -- |z New Zealand |
| 650 | 0 | 0 | |a Imports -- |x Handbooks, manuals, etc -- |y 2014 -- |z New Zealand |
| 999 | |a B000035760 |b Book |c Countries |e Business Information Centre | ||


